Gestió de canvi en les administracions locals : manual de consulta / [text: Lluís Casado Esquius] manual de consulta / [text:
Publicado:
[Barcelona] :
Diputació de Barcelona. Xarxa de Municipis. Àrea de Règim Interior, Hisenda i Planificació ,
2003
Descripción Física:
89 p. : quadres, taules ; 30 cm
Colección:
Manuals de formació municipal ; 12
MARC
| LEADER | 00000nam a2200000Ia 4500 | ||
|---|---|---|---|
| 001 | 16157 | ||
| 008 | 160829s2003 xx 000 0 cat d | ||
| 080 | |a M-5-10 | ||
| 100 | |a Casado i Esquius, Lluís |9 1355 | ||
| 245 | |a Gestió de canvi en les administracions locals : |b manual de consulta / [text: |b Lluís Casado Esquius] | ||
| 260 | |a [Barcelona] : |b Diputació de Barcelona. Xarxa de Municipis. Àrea de Règim Interior, Hisenda i Planificació, |c 2003 | ||
| 300 | |a 89 p. : |b quadres, taules ; |c 30 cm | ||
| 490 | |a Manuals de formació municipal ; 12 | ||
| 590 | |a Referències bibliogràfiques | ||
| 650 | |a Administració local |x Barcelona (Província) |x Administració |9 37200 | ||
| 710 | |a Barcelona (Catalunya : Província). |b Àrea de Règim Interior, Hisenda i Planificació |9 53667 | ||
| 901 | |a Arxiu | ||
| 942 | |n 1 | ||
| 952 | |0 0 |1 0 |4 0 |6 M510 |7 1 |9 47746 |a Arxiu |b Arxiu |d 2016-12-01 |l 0 |o M-5-10 |p 16157 |r 2016-12-01 00:00:00 |w 2016-12-01 |y ARXIU | ||
| 999 | |c 51545 |d 51545 | ||